000
00298nam a22001337a 4500
008
171101b xxu||||| |||| 00| 0 eng d
020
_a
9780324001082
041
_a
eng
080
_2
7 ED
_a
33
100
_a
59
101
_a
GLO
245
_a
INTERNATIONAL ECONOMIC
_c
TOBERT.J.C
942
_2
udc
_c
BK
999
_c
37094
_d
37094